विवेक-विवेचन / (Record no. 55508)

MARC details
000 -LEADER
fixed length control field 01001nam a22002417a 4500
005 - DATE AND TIME OF LATEST TRANSACTION
control field 20090820100419.0
008 - FIXED-LENGTH DATA ELEMENTS--GENERAL INFORMATION
fixed length control field 090820t xxu||||| |||| 00| 0 hin d
010 ## - LCCN (DPL NO)
LC control number HIN-93725
020 ## - INTERNATIONAL STANDARD BOOK NUMBER
Terms of availability 175.00
International Standard Book Number 9788177792218
035 ## - SYSTEM CONTROL NUMBER
System control number HN-66071
037 ## - SOURCE OF ACQUISITION
Source of stock number/acquisition DBAD / PUB
040 ## - CATALOGING SOURCE
Original cataloging agency dpl
Language of cataloging hn
082 ## - DEWEY DECIMAL CLASSIFICATION NUMBER
Classification number 821.08
100 ## - MAIN ENTRY--PERSONAL NAME
Personal name अग्रवाल, केदारनाथ
9 (RLIN) 32941
245 ## - TITLE STATEMENT
Title विवेक-विवेचन /
Remainder of title केदारनाथ अग्रवाल
260 ## - PUBLICATION, DISTRIBUTION, ETC. (IMPRINT)
Place of publication, distribution, etc इलाहाबाद
Name of publisher, distributor, etc साहित्य भंडार
Date of publication, distribution, etc 2010
270 ## - ADDRESS
Address 50, चाहचन्द
City इलाहाबाद
Postal code 3
Telephone number 2400787
300 ## - PHYSICAL DESCRIPTION
Extent 136पृ.
Dimensions 22सेमी (सजिल्द)
650 ## - SUBJECT ADDED ENTRY--TOPICAL TERM
9 (RLIN) 1169
650 ## - SUBJECT ADDED ENTRY--TOPICAL TERM
9 (RLIN) 32942
942 ## - ADDED ENTRY ELEMENTS (KOHA)
Source of classification or shelving scheme Dewey Decimal Classification
Item type Hindi Books
Call number suffix अग्रवा
Classification part 821.08
Holdings
Withdrawn status Lost status Source of classification or shelving scheme Damaged status Not for loan Collection code Home library Current library Date acquired Source of acquisition Cost, normal purchase price Total Checkouts Full call number Barcode Date last seen Copy number Cost, replacement price Koha item type
    Dewey Decimal Classification   Not For Loan Non-fiction D.B.Act.Division D.B.Act.Division 17/08/2011 DBAD / PUB 175.00   821.08 अग्रवा HN-66071 17/08/2011 1 175.00 Hindi Books

© Delhi Public Library
Hit Counter
free hit counter